[Event "Reykjavik Open 2009"]
[Site "Reykjavik"]
[Date "2009.03.24"]
[Round "1.9"]
[White "Oleksienko, Mikhailo"]
[Black "Naslund, Mikael"]
[Result "1-0"]
[WhiteElo "2550"]
[BlackElo "2195"]
[PlyCount "89"]
[EventDate "2009.03.24"]

1. e4 c5 2. Nf3 e6 3. d4 cxd4 4. Nxd4 Qb6 5. Nb3 Qc7 6. Bd3 Nf6 7. Nc3 a6 8. f4
d6 9. O-O Nbd7 10. g4 Nc5 11. g5 Nfd7 12. Be3 b5 13. Qh5 g6 14. Qf3 Bg7 15. f5
gxf5 16. Nxc5 Nxc5 17. exf5 Bb7 18. Ne4 O-O-O 19. f6 Bf8 20. Bf4 Qb6 21. Qf2
Qc6 22. Rfc1 Nxe4 23. Bxe4 d5 24. Bg2 Bc5 25. Be3 Bd6 26. a4 Rdg8 27. axb5 Qxb5
28. b3 d4 29. Bd2 h6 30. Ra5 Qxa5 31. Bxb7+ Kxb7 32. Bxa5 Rxg5+ 33. Kh1 Rxa5
34. Qxd4 Rd5 35. Qg4 Rc8 36. Rd1 Rxd1+ 37. Qxd1 Bc7 38. Qd7 Rd8 39. Qxf7 Rd1+
40. Kg2 Rd2+ 41. Kf3 Rxc2 42. Qxe6 Rxh2 43. f7 Rh1 44. Kg2 Rh2+ 45. Kg1 1-0

[Event "Reykjavik Open 2009"]
[Site "Reykjavik"]
[Date "2009.03.24"]
[Round "1.10"]
[White "Andersen, Mads"]
[Black "Steingrimsson, Hedinn"]
[Result "0-1"]
[WhiteElo "2190"]
[BlackElo "2547"]
[PlyCount "86"]
[EventDate "2009.03.24"]

1. e4 c5 2. Nf3 d6 3. d4 cxd4 4. Nxd4 Nf6 5. Nc3 a6 6. Be2 e5 7. Nb3 Be7 8. Be3
Be6 9. Nd5 Nbd7 10. Qd3 O-O 11. O-O Bxd5 12. exd5 Rc8 13. c4 a5 14. Rae1 b6 15.
Nd2 Nc5 16. Qc2 Nfd7 17. Nb1 f5 18. Nc3 e4 19. f4 exf3 20. Rxf3 Bg5 21. Bxg5
Qxg5 22. Ref1 g6 23. a3 Rce8 24. b4 axb4 25. axb4 Ne4 26. Nxe4 Rxe4 27. Rg3 Qe7
28. Bd3 Re1 29. Qf2 Re5 30. Qd4 Qf6 31. Bc2 Ra8 32. Qc3 Kg7 33. Qd3 Ra2 34. Qb3
Ra7 35. Qd3 h5 36. h4 Qxh4 37. Qf3 Kh6 38. Qf2 Kh7 39. Rh3 Qxf2+ 40. Rxf2 Re1+
41. Kh2 Nf6 42. Kg3 Kh6 43. Kf3 Ng4 0-1

[Event "Reykjavik Open 2009"]
[Site "Reykjavik"]
[Date "2009.03.24"]
[Round "1.13"]
[White "Conquest, Stuart C"]
[Black "Asgeirsson, Heimir"]
[Result "1-0"]
[WhiteElo "2531"]
[BlackElo "2171"]
[PlyCount "59"]
[EventDate "2009.03.24"]

1. d4 d5 2. c4 e6 3. Nc3 Nf6 4. cxd5 exd5 5. Bg5 Be7 6. e3 c6 7. Qc2 Nbd7 8.
Bd3 O-O 9. Nge2 Re8 10. O-O Ne4 11. Bxe4 dxe4 12. Bf4 f5 13. Nd5 Bd6 14. Qb3
Bxf4 15. Nf6+ Kh8 16. Nxe8 Bxh2+ 17. Kxh2 Qxe8 18. Nf4 Nf6 19. Rh1 g5 20. Ne2
Be6 21. Qxb7 Rb8 22. Qc7 Rxb2 23. Ng3 Ng4+ 24. Kg1 Bd7 25. Rf1 Kg8 26. Qxa7 Qe6
27. Qa8+ Bc8 28. d5 cxd5 29. Rc1 Kg7 30. Rxc8 1-0

[Event "Reykjavik Open 2009"]
[Site "Reykjavik"]
[Date "2009.03.24"]
[Round "1.14"]
[White "Halldorsson, Jon Arni"]
[Black "Macak, Stefan"]
[Result "1-0"]
[WhiteElo "2162"]
[BlackElo "2527"]
[PlyCount "175"]
[EventDate "2009.03.24"]

1. d4 Nf6 2. Nf3 g6 3. g3 Bg7 4. b3 O-O 5. Bb2 d5 6. Bg2 Bf5 7. O-O Qc8 8. Nbd2
Bh3 9. c4 Bxg2 10. Kxg2 e6 11. Qc2 Nbd7 12. Rac1 c6 13. e4 dxe4 14. Nxe4 Nxe4
15. Qxe4 Nf6 16. Qe2 Rd8 17. Rfd1 Qd7 18. Ne5 Qe7 19. Qf3 Rac8 20. Rc2 Nd7 21.
Rcd2 Rc7 22. Qf4 Nf6 23. Qf3 Qd6 24. Qe3 Re7 25. Rd3 Ree8 26. Qc1 Qc7 27. Qe3
Qa5 28. Qd2 Qa6 29. Qe2 Nd7 30. Nf3 b5 31. Qc2 Nb6 32. Nd2 Re7 33. c5 Nd5 34.
Bc3 Nf6 35. b4 Red7 36. Nf3 Nd5 37. Be1 Qb7 38. Ng5 Qc7 39. a3 Ne7 40. Bc3 Nf5
41. Nf3 Rd5 42. Qe2 R8d7 43. g4 Ne7 44. Qe4 Qd8 45. R3d2 h6 46. h4 Kf8 47. Qe3
Ng8 48. Qf4 Re7 49. Ra1 f5 50. a4 bxa4 51. Rxa4 Rdd7 52. g5 h5 53. Ra6 Qc8 54.
Rda2 Qb7 55. R2a5 Qc8 56. Kh3 Rb7 57. Qd6 Rbc7 58. b5 cxb5 59. Rxb5 Kf7 60. Ra4
Red7 61. Ne5+ Bxe5 62. Qxe5 Rd5 63. Qh8 a6 64. Rb6 Ne7 65. Qf6+ Ke8 66. Qxe6
Qxe6 67. Rxe6 Rb7 68. Rexa6 Rb3 69. Ra3 Rb1 70. Ra1 Rb3 71. R6a3 Rb7 72. Ra7
Rb3 73. R1a3 Rb1 74. Ba1 Rh1+ 75. Kg3 Rg1+ 76. Kh2 Rg4 77. Kh3 f4 78. Ra8+ Rd8
79. d5 Nf5 80. Bf6 Rxh4+ 81. Kg2 f3+ 82. Kxf3 Rh3+ 83. Ke4 Rxa3 84. Rxa3 Rb8
85. d6 Rb1 86. Kd5 Rd1+ 87. Kc6 h4 88. d7+ 1-0

[Event "Reykjavik Open 2009"]
[Site "Reykjavik"]
[Date "2009.03.24"]
[Round "1.15"]
[White "Williams, Simon K"]
[Black "Bjornsson, Sverrir Orn"]
[Result "1-0"]
[WhiteElo "2507"]
[BlackElo "2161"]
[PlyCount "57"]
[EventDate "2009.03.24"]

1. d4 Nf6 2. c4 e6 3. Nf3 Bb4+ 4. Nbd2 b6 5. e3 Bb7 6. Bd3 O-O 7. O-O c5 8.
dxc5 Bxd2 9. Nxd2 bxc5 10. b3 d6 11. Bb2 Qe7 12. Qc2 Nbd7 13. Rad1 Rfd8 14. Ne4
Nxe4 15. Bxe4 Bxe4 16. Qxe4 Rab8 17. Bc3 Nf6 18. Qc2 Qb7 19. Bxf6 gxf6 20. Rd3
Rd7 21. Rfd1 Rbd8 22. e4 Kf8 23. Rh3 Ke7 24. Rxh7 Rg8 25. Qe2 Rg6 26. Rh8 f5
27. Rd5 exd5 28. exf5+ Kf6 29. fxg6 1-0

[Event "Reykjavik Open 2009"]
[Site "Reykjavik"]
[Date "2009.03.24"]
[Round "1.16"]
[White "Ostling, Hakan"]
[Black "Bhat, Vinay S"]
[Result "0-1"]
[WhiteElo "2151"]
[BlackElo "2495"]
[PlyCount "56"]
[EventDate "2009.03.24"]

1. f4 d5 2. g3 g6 3. Nf3 Bg7 4. Bg2 Nf6 5. O-O b6 6. d3 Bb7 7. c3 Nbd7 8. Qe1
O-O 9. Na3 Re8 10. Ne5 Nxe5 11. fxe5 Nd7 12. d4 f6 13. e6 Nf8 14. e4 dxe4 15.
Bxe4 Bd5 16. Nc2 a5 17. Bf3 Nxe6 18. c4 Bxc4 19. Bxa8 Qxa8 20. Rf2 f5 21. Be3
Qd5 22. b3 Ba6 23. Rd1 Rd8 24. Rdd2 Bb7 25. Kf1 Bf6 26. h4 Qe4 27. Rh2 Ba6+ 28.
Kg1 Nxd4 0-1

[Event "Reykjavik Open 2009"]
[Site "Reykjavik"]
[Date "2009.03.24"]
[Round "1.17"]
[White "Galego, Luis"]
[Black "Andersson, Christin"]
[Result "1-0"]
[WhiteElo "2494"]
[BlackElo "2132"]
[PlyCount "97"]
[EventDate "2009.03.24"]

1. e4 e6 2. d4 d5 3. exd5 exd5 4. Nf3 Bg4 5. h3 Bh5 6. c4 Bb4+ 7. Nc3 dxc4 8.
Bxc4 Nf6 9. g4 Bg6 10. Ne5 O-O 11. O-O c5 12. dxc5 Bxc5 13. Nxg6 hxg6 14. Qxd8
Rxd8 15. g5 Nfd7 16. Ne4 Bb6 17. Bf4 Nc6 18. Rfd1 Nde5 19. Be2 Bd4 20. Rd2 Re8
21. Nd6 Re6 22. Nb5 Bb6 23. Rad1 Rae8 24. a3 f6 25. Nd6 Rf8 26. Bg3 fxg5 27.
Kg2 Re7 28. b4 a6 29. Rd5 Kh7 30. R1d2 Rd8 31. Ne4 Nf7 32. Rxd8 Ncxd8 33. Nc3
Kh6 34. Nd5 Re6 35. Bg4 Rf6 36. Nxb6 Rxb6 37. Bc7 Rc6 38. Bxd8 Ne5 39. Rd5 Nxg4
40. hxg4 Rc3 41. Bxg5+ Kh7 42. Rd7 b5 43. Bf6 Rxa3 44. Rxg7+ Kh6 45. Rg8 g5 46.
Bxg5+ Kh7 47. Ra8 Kg6 48. Be3 Ra4 49. Kg3 1-0

[Event "Reykjavik Open 2009"]
[Site "Reykjavik"]
[Date "2009.03.24"]
[Round "1.18"]
[White "Thorsteinsson, Erlingur"]
[Black "Danielsen, Henrik"]
[Result "0-1"]
[WhiteElo "2130"]
[BlackElo "2482"]
[PlyCount "96"]
[EventDate "2009.03.24"]

1. e4 d6 2. d4 g6 3. Nc3 Bg7 4. g3 Nd7 5. Bg2 c5 6. d5 Bxc3+ 7. bxc3 Qa5 8. Ne2
Ngf6 9. O-O Qa4 10. Re1 b6 11. Nf4 Ba6 12. Nd3 O-O-O 13. Bg5 h6 14. Bxf6 exf6
15. Qd2 Kc7 16. a3 Ne5 17. f4 Nc4 18. Qf2 Qa5 19. e5 Qxc3 20. exd6+ Nxd6 21.
Rad1 Rhe8 22. Rxe8 Rxe8 23. a4 Bxd3 24. Rxd3 Qe1+ 25. Bf1 Qxf2+ 26. Kxf2 Re4
27. a5 bxa5 28. Ra3 Kb6 29. c4 Ka6 30. Bd3 Re7 31. h4 f5 32. h5 Rb7 33. g4 gxh5
34. g5 h4 35. Kg2 Rb8 36. Kh3 hxg5 37. fxg5 Rb4 38. Kxh4 a4 39. Kg3 Rb3 40.
Rxb3 axb3 41. Kf4 Kb6 42. Ke3 a5 43. Kd2 a4 44. Kc3 Ka5 45. Bb1 f4 46. g6 fxg6
47. Bxg6 f3 48. Bd3 f2 0-1

[Event "Reykjavik Open 2009"]
[Site "Reykjavik"]
[Date "2009.03.24"]
[Round "1.20"]
[White "Tratatovici, Dan"]
[Black "Harika, Dronavalli"]
[Result "1-0"]
[WhiteElo "2122"]
[BlackElo "2473"]
[PlyCount "137"]
[EventDate "2009.03.24"]

1. e4 c5 2. Nf3 Nc6 3. d4 cxd4 4. Nxd4 Nf6 5. Nc3 e5 6. Ndb5 d6 7. Bg5 a6 8.
Na3 b5 9. Bxf6 gxf6 10. Nd5 f5 11. g3 fxe4 12. Bg2 Bg7 13. Bxe4 Be6 14. Qh5 Rc8
15. c3 Ne7 16. Rd1 Rc5 17. Nb4 Qb6 18. Qg5 Kf8 19. Qe3 f5 20. Bg2 e4 21. Nac2
Kf7 22. Nd4 Bxd4 23. Qxd4 Rd8 24. Qe3 Ng6 25. h4 Rg8 26. O-O a5 27. Nc2 d5 28.
f3 Ne5 29. Nd4 Nc4 30. Qh6 Bd7 31. Qxb6 Nxb6 32. fxe4 dxe4 33. Bxe4 Kf6 34. Nb3
Re5 35. Rd6+ Ke7 36. Rxb6 Rxe4 37. Nc5 Rxg3+ 38. Kf2 Rf4+ 39. Kxg3 Rxf1 40. Rb7
Rd1 41. Kf4 Rf1+ 42. Ke3 Rd1 43. Nxd7 Rxd7 44. Rxb5 Ke6 45. Rxa5 Rg7 46. Kf3
Rg4 47. Ra6+ Ke5 48. h5 Rf4+ 49. Ke3 Rh4 50. Ra5+ Kf6 51. b4 Rh3+ 52. Kf4 Rh4+
53. Kg3 Rxh5 54. Rc5 Rh1 55. b5 Ra1 56. Rc6+ Kg5 57. Ra6 h5 58. Ra8 h4+ 59. Kh3
Rh1+ 60. Kg2 Rc1 61. b6 Rb1 62. Rb8 Kg4 63. b7 Rb2+ 64. Kg1 Kh3 65. c4 Rg2+ 66.
Kf1 Rg7 67. c5 Kg3 68. c6 Kf3 69. Rd8 1-0

[Event "Reykjavik Open 2009"]
[Site "Reykjavik"]
[Date "2009.03.24"]
[Round "1.21"]
[White "Kristjansson, Stefan"]
[Black "Thorgeirsson, Sverrir"]
[Result "0-1"]
[WhiteElo "2472"]
[BlackElo "2094"]
[PlyCount "88"]
[EventDate "2009.03.24"]

1. e4 e6 2. d4 d5 3. Nc3 Nf6 4. Bg5 Bb4 5. e5 h6 6. Be3 Ne4 7. Qg4 g6 8. a3
Bxc3+ 9. bxc3 c5 10. Bd3 Nxc3 11. dxc5 Bd7 12. Nf3 Na6 13. O-O Qc7 14. Qf4 Nxc5
15. Qf6 Rg8 16. Bxh6 N5e4 17. Qf4 Bb5 18. Rae1 O-O-O 19. Bxb5 Nxb5 20. c4 Nbc3
21. cxd5 exd5 22. Ng5 Rd7 23. Nxe4 dxe4 24. Qg3 Rd3 25. Qg4+ Qd7 26. Qf4 Re8
27. Bg7 Re6 28. h4 Rc6 29. Bf8 Rc4 30. Bd6 b5 31. Qh6 Kb7 32. Re3 Nd5 33. Ree1
Qg4 34. Qg5 Qxg5 35. hxg5 a5 36. Re2 Kc6 37. Rfe1 Nc3 38. Rb2 Na4 39. Rbe2 Nc5
40. Ra2 Rcc3 41. Bxc5 Kxc5 42. a4 b4 43. Rxe4 b3 44. Rb2 Rc2 0-1

[Event "Reykjavik Open 2009"]
[Site "Reykjavik"]
[Date "2009.03.24"]
[Round "1.22"]
[White "Gudmundsson, Stefan Freyr"]
[Black "Grandelius, Nils"]
[Result "0-1"]
[WhiteElo "2092"]
[BlackElo "2464"]
[PlyCount "52"]
[EventDate "2009.03.24"]

1. e4 e5 2. Nc3 Nf6 3. Bc4 Nc6 4. d3 Na5 5. Qe2 Be7 6. Nd5 O-O 7. Bd2 Nxc4 8.
Nxe7+ Qxe7 9. dxc4 d6 10. h4 Nd7 11. g4 a6 12. O-O-O b5 13. Nh3 Nb6 14. Rdg1
Nxc4 15. g5 Bxh3 16. Rxh3 Qe6 17. Rb3 Rad8 18. h5 Rd7 19. g6 fxg6 20. hxg6 h6
21. Bxh6 gxh6 22. Rh1 Qf6 23. Rbh3 Qf4+ 24. Kb1 Nd2+ 25. Ka1 Qxf2 26. Qd1 Qf1
0-1

[Event "Reykjavik Open 2009"]
[Site "Reykjavik"]
[Date "2009.03.24"]
[Round "1.23"]
[White "Vocaturo, Daniele"]
[Black "Bergsson, Stefan"]
[Result "1-0"]
[WhiteElo "2445"]
[BlackElo "2079"]
[PlyCount "49"]
[EventDate "2009.03.24"]

1. e4 c5 2. Nf3 d6 3. d4 cxd4 4. Nxd4 Nf6 5. Nc3 a6 6. Bc4 e6 7. a4 Nc6 8. O-O
Bd7 9. Be3 Rc8 10. Qe2 Qc7 11. Ba2 Ne5 12. Rad1 Nc4 13. Bc1 Be7 14. Kh1 O-O 15.
f4 Rfe8 16. e5 Nd5 17. Nxd5 exd5 18. Qf3 Qa5 19. exd6 Bf6 20. c3 Qxa4 21. Bb1
Nxd6 22. Qxd5 Bxd4 23. Qxd6 Bb5 24. Rxd4 Qa1 25. Bd3 1-0

[Event "Reykjavik Open 2009"]
[Site "Reykjavik"]
[Date "2009.03.24"]
[Round "1.24"]
[White "Cross, Ted"]
[Black "Thorhallsson, Throstur"]
[Result "0-1"]
[WhiteElo "2076"]
[BlackElo "2442"]
[PlyCount "88"]
[EventDate "2009.03.24"]

1. e4 d5 2. exd5 Nf6 3. d4 Nxd5 4. c4 Nb6 5. Nc3 g6 6. Be3 Bg7 7. Be2 O-O 8.
Rc1 Nc6 9. d5 Ne5 10. Bd4 e6 11. f4 Ned7 12. Bxg7 Kxg7 13. d6 Nf6 14. c5 Nbd5
15. Nxd5 exd5 16. dxc7 Qxc7 17. Qd2 Re8 18. Nf3 Re4 19. Ne5 Bg4 20. Nxg4 Nxg4
21. O-O Ne3 22. Rf3 d4 23. g3 Rd8 24. Bd3 Re6 25. b4 a6 26. f5 Rf6 27. Re1 h6
28. Qf2 g5 29. h3 a5 30. a3 axb4 31. axb4 b6 32. cxb6 Qxb6 33. b5 Qb7 34. g4
Rc8 35. Rg3 Rc3 36. Bf1 Nxf1 37. Rxc3 dxc3 38. Qxf1 Qb6+ 39. Kg2 Rd6 40. Qc4
Rd2+ 41. Re2 Qe3 42. Rxd2 Qxd2+ 43. Kf3 c2 44. f6+ Kxf6 0-1

[Event "Reykjavik Open 2009"]
[Site "Reykjavik"]
[Date "2009.03.24"]
[Round "1.25"]
[White "Siebrecht, Sebastian"]
[Black "Rodriguez Fonseca, Jorge"]
[Result "1-0"]
[WhiteElo "2440"]
[BlackElo "2052"]
[PlyCount "45"]
[EventDate "2009.03.24"]

1. d4 f5 2. g3 Nf6 3. Bg2 d5 4. Nh3 e6 5. O-O Bd6 6. Bf4 Be7 7. c4 c6 8. Nd2
O-O 9. Qc2 Qe8 10. f3 Qh5 11. Rae1 h6 12. Bxb8 Rxb8 13. e4 fxe4 14. Nf4 Qf7 15.
fxe4 e5 16. dxe5 Bc5+ 17. Kh1 Ng4 18. cxd5 Nf2+ 19. Rxf2 Bxf2 20. Rf1 Bxg3 21.
Ne6 Qxf1+ 22. Nxf1 Bxe6 23. hxg3 1-0

[Event "Reykjavik Open 2009"]
[Site "Reykjavik"]
[Date "2009.03.24"]
[Round "1.26"]
[White "Vigfusson, Vigfus"]
[Black "Perunovic, Miodrag"]
[Result "1-0"]
[WhiteElo "2027"]
[BlackElo "2439"]
[PlyCount "77"]
[EventDate "2009.03.24"]

1. e4 c6 2. d4 d5 3. exd5 cxd5 4. c4 Nf6 5. Nc3 e6 6. Nf3 Be7 7. Be3 O-O 8. c5
Nc6 9. a3 Ne4 10. Qc2 f5 11. b4 Bf6 12. b5 f4 13. bxc6 fxe3 14. fxe3 Bh4+ 15.
Ke2 Nxc3+ 16. Qxc3 bxc6 17. Kd2 Bg5 18. Bd3 e5 19. dxe5 Bg4 20. Rhf1 Bxf3 21.
gxf3 d4 22. Qc4+ Kh8 23. f4 dxe3+ 24. Kxe3 Bh6 25. Qe4 g6 26. Qxc6 Qh4 27. Qe4
Rad8 28. Rad1 Qxh2 29. e6 Rde8 30. Bb5 Re7 31. Rd7 Qh3+ 32. Rf3 Qh4 33. Rxe7
Qxe7 34. Qe5+ Rf6 35. Bd7 Bg7 36. Qd6 Bf8 37. Qxe7 Bxe7 38. c6 Bd6 39. c7 1-0

[Event "Reykjavik Open 2009"]
[Site "Reykjavik"]
[Date "2009.03.24"]
[Round "1.27"]
[White "Ris, Robert"]
[Black "Jonsson, Bjorn"]
[Result "1-0"]
[WhiteElo "2436"]
[BlackElo "2012"]
[PlyCount "81"]
[EventDate "2009.03.24"]

1. d4 d5 2. Nf3 Nf6 3. c4 c6 4. g3 e6 5. Bg2 Nbd7 6. O-O Be7 7. Qc2 O-O 8. Rd1
Re8 9. b3 Bf8 10. Nbd2 a5 11. Bb2 a4 12. c5 Be7 13. Re1 Nf8 14. b4 Ng6 15. a3
Qc7 16. h4 Nd7 17. h5 Nh8 18. e4 dxe4 19. Nxe4 Nf6 20. h6 Nxe4 21. hxg7 Ng6 22.
Qxe4 f5 23. Qc2 Bf6 24. Nd2 Qxg7 25. Nc4 Bxd4 26. Nd6 Re7 27. Nxf5 exf5 28.
Qc4+ Qf7 29. Qxd4 Be6 30. Re3 Rd7 31. Qc3 Bd5 32. Bxd5 Qxd5 33. Rae1 Qf7 34.
Re6 Rf8 35. f4 Rc7 36. Kh2 Rd7 37. R1e2 Rc7 38. Qd4 Rd7 39. Rxg6+ Qxg6 40. Qxd7
Qh5+ 41. Kg1 1-0

[Event "Reykjavik Open 2009"]
[Site "Reykjavik"]
[Date "2009.03.24"]
[Round "1.28"]
[White "Gudmundsson, Kjartan"]
[Black "Breder, Dennis"]
[Result "0-1"]
[WhiteElo "2009"]
[BlackElo "2427"]
[PlyCount "109"]
[EventDate "2009.03.24"]

1. e4 c5 2. Nc3 Nc6 3. d3 d6 4. g3 g6 5. Bg2 Bg7 6. f4 e6 7. Nf3 Nge7 8. O-O
O-O 9. a4 b6 10. Rb1 Bb7 11. Ne2 Qd7 12. c3 Nd8 13. g4 f5 14. gxf5 exf5 15. Ng3
Ne6 16. Nh4 Rae8 17. exf5 Nxf5 18. Nhxf5 gxf5 19. Bxb7 Qxb7 20. Bd2 Nc7 21. Qf3
Qxf3 22. Rxf3 Rf6 23. Re1 Rxe1+ 24. Bxe1 Kf7 25. Bf2 Bh6 26. Be3 Nd5 27. Bd2
Ne7 28. Rf2 Ng6 29. Kf1 Nh4 30. Nh5 Re6 31. Ng3 Bg7 32. Re2 Rg6 33. Rf2 d5 34.
Ne2 c4 35. dxc4 dxc4 36. Be3 Re6 37. Bd4 Bf8 38. Be5 Bc5 39. Bd4 Bd6 40. Ng3
Bb8 41. Ne2 Re4 42. h3 Ke6 43. Bg7 Bd6 44. Bh6 Bc5 45. Ng3 Bxf2 46. Nxe4 fxe4
47. Kxf2 Kd5 48. Bg5 Nf5 49. Bf6 Kc6 50. Ke1 Kb7 51. Kd1 Ka6 52. Kc2 Ka5 53. b3
Ne3+ 54. Kb2 Ng2 55. f5 0-1

[Event "Reykjavik Open 2009"]
[Site "Reykjavik"]
[Date "2009.03.24"]
[Round "1.29"]
[White "Lund, Esben"]
[Black "Filosof, Asi"]
[Result "1-0"]
[WhiteElo "2421"]
[BlackElo "1986"]
[PlyCount "77"]
[EventDate "2009.03.24"]

1. d4 Nf6 2. c4 e5 3. dxe5 Ng4 4. Bf4 Nc6 5. Nf3 Bb4+ 6. Nbd2 Qe7 7. a3 Ngxe5
8. Nxe5 Nxe5 9. e3 Bxd2+ 10. Qxd2 d6 11. Qc3 h5 12. h3 Bd7 13. c5 g5 14. Bg3 h4
15. Bh2 Rh6 16. Be2 Bc6 17. f3 Re6 18. cxd6 cxd6 19. O-O Ng6 20. e4 Qf6 21. Qd2
Nf4 22. Bc4 Re5 23. Rac1 Kf8 24. Rfd1 Rd8 25. Rc3 Rd7 26. Kh1 Bb5 27. Bd5 Kg7
28. Bxf4 gxf4 29. Rc8 Rde7 30. Qa5 Bd7 31. Rc7 Qg5 32. Qe1 Rxd5 33. Rxd5 Qxd5
34. Rxd7 Qe5 35. Rd8 Qf6 36. Rc8 d5 37. Qa5 Qe6 38. Qd8 Qd7 39. Qh8+ 1-0

[Event "Reykjavik Open 2009"]
[Site "Reykjavik"]
[Date "2009.03.24"]
[Round "1.30"]
[White "Kristinsson, Bjarni Jens"]
[Black "Rombaldoni, Denis"]
[Result "0-1"]
[WhiteElo "1959"]
[BlackElo "2418"]
[PlyCount "64"]
[EventDate "2009.03.24"]

1. e4 g6 2. d4 Bg7 3. Be3 c6 4. Nc3 d5 5. f3 Nf6 6. Qd2 dxe4 7. fxe4 Ng4 8. Nf3
Nxe3 9. Qxe3 b5 10. e5 Na6 11. Bd3 Nb4 12. Be4 Nd5 13. Nxd5 cxd5 14. Bd3 Qb6
15. O-O O-O 16. Qg5 e6 17. h4 b4 18. Qe7 Bxe5 19. h5 Bxd4+ 20. Kh1 Bc5 21. Qg5
Qd8 22. hxg6 hxg6 23. Qh6 Qf6 24. Nh4 Qh8 25. Qg5 Bd7 26. Rf3 e5 27. Bxg6 fxg6
28. Qxg6+ Qg7 29. Qd3 Rxf3 30. Qxf3 e4 31. Qh5 Be6 32. Rd1 Rd8 0-1

[Event "Reykjavik Open 2009"]
[Site "Reykjavik"]
[Date "2009.03.24"]
[Round "1.32"]
[White "Thorsteinsdottir, Hallgerdur"]
[Black "Arngrimsson, Dagur"]
[Result "0-1"]
[WhiteElo "1951"]
[BlackElo "2404"]
[PlyCount "56"]
[EventDate "2009.03.24"]

1. e4 e5 2. Nf3 Nc6 3. Bc4 Nf6 4. d3 Bc5 5. O-O O-O 6. c3 Bb6 7. Bb3 d6 8. Nbd2
Ne7 9. h3 Ng6 10. Nc4 c6 11. Re1 Bc7 12. d4 exd4 13. cxd4 d5 14. exd5 Nxd5 15.
Bg5 f6 16. Bd2 Kh8 17. Rc1 Ndf4 18. Bb4 Re8 19. Rxe8+ Qxe8 20. Ne3 a5 21. Bc3
Nxh3+ 22. gxh3 Nf4 23. Bc2 Qh5 24. h4 Bg4 25. Nxg4 Qxg4+ 26. Kf1 Qg2+ 27. Ke1
Re8+ 28. Kd2 Qxf2+ 0-1

[Event "Reykjavik Open 2009"]
[Site "Reykjavik"]
[Date "2009.03.24"]
[Round "1.33"]
[White "Caspi, Israel"]
[Black "Gardarsson, Hordur"]
[Result "1-0"]
[WhiteElo "2402"]
[BlackElo "1951"]
[PlyCount "53"]
[EventDate "2009.03.24"]

1. e4 c6 2. d3 d5 3. Nd2 e5 4. Ngf3 Bd6 5. d4 Nd7 6. exd5 cxd5 7. dxe5 Nxe5 8.
Nxe5 Bxe5 9. Qh5 Bf6 10. Bb5+ Kf8 11. O-O g6 12. Qf3 Kg7 13. Nb3 h5 14. c3 Nh6
15. h3 Nf5 16. Rd1 Be6 17. Nc5 Qe7 18. Nxe6+ fxe6 19. Bd2 Rad8 20. Bd3 Nh4 21.
Qe3 b6 22. Re1 e5 23. c4 e4 24. cxd5 Rxd5 25. Bxe4 Bd4 26. Bc3 Qf6 27. Bxd5 1-0

[Event "Reykjavik Open 2009"]
[Site "Reykjavik"]
[Date "2009.03.24"]
[Round "1.34"]
[White "Brynjarsson, Helgi"]
[Black "Popovic, Milos T"]
[Result "1/2-1/2"]
[WhiteElo "1949"]
[BlackElo "2400"]
[PlyCount "91"]
[EventDate "2009.03.24"]

1. e4 c5 2. Nc3 e6 3. f4 a6 4. Nf3 d5 5. exd5 exd5 6. d4 Nf6 7. Be3 c4 8. Ne5
Bb4 9. Be2 Ne4 10. O-O Bxc3 11. bxc3 Nxc3 12. Qe1 Nxe2+ 13. Qxe2 O-O 14. Qh5 f6
15. Nf3 Qd7 16. Nh4 Qf7 17. Qf3 Nc6 18. c3 Bd7 19. f5 Rfe8 20. Bf4 b5 21. Bd6
Re4 22. g3 Rae8 23. Ng2 b4 24. Bc5 bxc3 25. Qxc3 Qh5 26. Nh4 Qg4 27. Rad1 Re3
28. Qb2 Re2 29. Rd2 Rxd2 30. Qxd2 Re2 31. Qf4 Qh3 32. Rf2 Re4 33. Qf3 Qg4 34.
Qxg4 Rxg4 35. Rb2 g5 36. fxg6 hxg6 37. Rb7 Be8 38. Nf3 Re4 39. Kf2 g5 40. Rb6
a5 41. Nd2 Re6 42. Nb1 f5 43. Nc3 Rh6 44. Nxd5 Rxh2+ 45. Kg1 Rxa2 46. Nf6+
1/2-1/2

[Event "Reykjavik Open 2009"]
[Site "Reykjavik"]
[Date "2009.03.24"]
[Round "1.35"]
[White "Thorfinnsson, Bragi"]
[Black "Ingason, Sigurdur"]
[Result "1-0"]
[WhiteElo "2383"]
[BlackElo "1949"]
[PlyCount "69"]
[EventDate "2009.03.24"]

1. e4 e5 2. Nf3 Nf6 3. Nxe5 d6 4. Nf3 Nxe4 5. d4 d5 6. Bd3 Be7 7. O-O O-O 8. c4
c6 9. cxd5 cxd5 10. Nc3 Nxc3 11. bxc3 Nc6 12. h3 Be6 13. Re1 Bf6 14. Ne5 g6 15.
Rb1 Qc7 16. Ng4 Bg7 17. Qf3 Bxg4 18. hxg4 Rfe8 19. Rxe8+ Rxe8 20. Bf4 Qd7 21.
g3 a6 22. Bf1 b5 23. a3 Qe6 24. Bg2 Rd8 25. Bg5 Rd7 26. Kf1 h6 27. Re1 Qd6 28.
Bc1 Ne7 29. g5 hxg5 30. Bxg5 Nf5 31. Re8+ Bf8 32. Bh3 f6 33. Bxf5 gxf5 34. Bh6
Rd8 35. Bxf8 1-0

[Event "Reykjavik Open 2009"]
[Site "Reykjavik"]
[Date "2009.03.24"]
[Round "1.36"]
[White "Eliasson, Kristjan Orn"]
[Black "Meszaros, Michal"]
[Result "0-1"]
[WhiteElo "1940"]
[BlackElo "2376"]
[PlyCount "76"]
[EventDate "2009.03.24"]

1. e4 c5 2. Nf3 d6 3. d4 cxd4 4. Nxd4 Nf6 5. Nc3 a6 6. Be2 e5 7. Nf3 Be7 8. h3
Nbd7 9. Be3 b5 10. a4 b4 11. Na2 Bb7 12. Nxb4 Nxe4 13. O-O Qa5 14. Nd3 f5 15.
Nd2 Nef6 16. b4 Qc7 17. Nb1 f4 18. Bd2 d5 19. c3 O-O 20. Qb3 Bd6 21. Rc1 e4 22.
Nb2 Kh8 23. c4 d4 24. c5 Be5 25. c6 Bxc6 26. Qe6 Bd5 27. Qxa6 Rxa6 28. Rxc7 d3
29. Nxd3 exd3 30. Bxd3 Raa8 31. Rxd7 Bxa1 32. Re7 Rxa4 33. Bxf4 Rxb4 34. Bd6
Rb3 35. Bc2 Rb2 36. Bd3 Re8 37. Nc3 Rxe7 38. Bxe7 Rb3 0-1

[Event "Reykjavik Open 2009"]
[Site "Reykjavik"]
[Date "2009.03.24"]
[Round "1.37"]
[White "Cori, Jorge"]
[Black "Benediktsson, Frimann"]
[Result "1-0"]
[WhiteElo "2370"]
[BlackElo "1939"]
[PlyCount "61"]
[EventDate "2009.03.24"]

1. e4 c6 2. d4 d5 3. e5 c5 4. c3 cxd4 5. cxd4 Nc6 6. Nc3 e6 7. Nf3 a6 8. a3 Bd7
9. b4 Nge7 10. Bd3 h6 11. O-O b5 12. Be3 g6 13. g4 Bg7 14. h3 O-O 15. Nd2 Qb6
16. Nb3 Ra7 17. Nc5 Bc8 18. f4 f5 19. Ra2 Qd8 20. Rg2 Kh7 21. Kh1 Rg8 22. Rfg1
Bf8 23. Qf3 Qe8 24. h4 Kh8 25. h5 gxh5 26. gxf5 Rxg2 27. Qxg2 exf5 28. Nxd5 Qf7
29. Nf6 Bg7 30. Ne8 Qf8 31. Qxg7+ 1-0

[Event "Reykjavik Open 2009"]
[Site "Reykjavik"]
[Date "2009.03.24"]
[Round "1.38"]
[White "Jonsson, Olafur Gisli"]
[Black "Lagerman, Robert"]
[Result "0-1"]
[WhiteElo "1913"]
[BlackElo "2368"]
[PlyCount "136"]
[EventDate "2009.03.24"]

1. e4 e5 2. Nf3 Nc6 3. Bc4 Nf6 4. d3 h6 5. c3 d6 6. Bb3 g6 7. O-O Bg7 8. Nbd2
O-O 9. Re1 Kh7 10. Nf1 Nh5 11. Bc2 f5 12. exf5 Bxf5 13. Ne3 Bd7 14. d4 Nf4 15.
dxe5 dxe5 16. Nc4 Qe7 17. Be4 Qf7 18. b3 Rad8 19. Qc2 Bf5 20. Ba3 Rfe8 21. Ne3
Nd3 22. Nxf5 Nxe1 23. Rxe1 gxf5 24. Bxf5+ Kg8 25. Bh7+ Kh8 26. Bg6 Qf6 27. Bxe8
Rxe8 28. Qe4 Rd8 29. h3 Kg8 30. Bb2 Rf8 31. Rd1 Qf7 32. Qd5 Qxd5 33. Rxd5 e4
34. Nd4 Bxd4 35. cxd4 Nb4 36. Rc5 c6 37. a3 Nd3 38. Rc2 Kf7 39. Bc1 h5 40. Bg5
Ke6 41. Be3 Kd5 42. Kh2 Rg8 43. g3 b6 44. b4 Ne1 45. Rc3 Nf3+ 46. Kg2 Rg6 47.
a4 Nxd4 48. Bxd4 Kxd4 49. Rc1 c5 50. bxc5 bxc5 51. Rd1+ Kc3 52. Rd5 Kb4 53.
Rxh5 c4 54. Re5 Kxa4 55. Rxe4 Kb3 56. f4 c3 57. Re7 Rc6 58. Rxa7 c2 59. Ra1
c1=Q 60. Rxc1 Rxc1 61. Kf3 Rc3+ 62. Kg4 Kc4 63. h4 Kd5 64. h5 Ke6 65. h6 Kf6
66. f5 Rc4+ 67. Kh5 Rc1 68. Kg4 Rh1 0-1